The Effect of Technological Parameters Influencing the Properties of Seamless Cold-Drawn Tubes

Na minha lista:
Detalhes bibliográficos
Autor principal: Ridzoň, Martin, 1984- (Author)
Outros Autores: Lipa, Zdenko, 1944- (Reviewer), Srnka, Milan (Reviewer)
Formato: Livro
Idioma:inglês
Publicado em: Köthen : Hochschule Anhalt, 2012
Edição:1st ed.
Colecção:Scientific monographs
Assuntos:
Tags: Adicionar Tag
Sem tags, seja o primeiro a adicionar uma tag!

MARC

LEADER 00000nam a22000003a 4500
001 stu257049
005 20220317190946.0
008 121109s2012----gw------------------eng-d
020 |a 978-3-86011-048-5 
040 |a STU  |b slo 
041 0 |a eng 
044 |a gw 
080 |a 621.9  |7 stu_us_auth*stu8061 
100 1 |a Ridzoň, Martin,  |d 1984-  |4 aut  |u M3000  |9 100  |U MTF Materiálovotechnologická fakulta  |T MTF Ústav výrobných technológií  |X 28896  |U M3000  |Y 83  |7 A000028896 
245 1 |a The Effect of Technological Parameters Influencing the Properties of Seamless Cold-Drawn Tubes 
250 |a 1st ed. 
260 |a Köthen :  |b Hochschule Anhalt,  |c 2012 
300 |a 89 s 
650 7 |a lubricating  |2 estusub 
650 7 |a drawing  |2 estusub 
700 1 |a Lipa, Zdenko,  |d 1944-  |4 rev  |u M3000  |U MTF Materiálovotechnologická fakulta  |T MTF Ústav výrobných technológií  |X 319  |U M3000  |Y 83  |7 A000000319 
700 1 |a Srnka, Milan  |4 rev 
830 0 |a Scientific monographs 
996 |b 284M081774  |c M*13361-1  |l MMKN  |s A  |a 24  |w stu257049_0002